História jednej nelineárnej diferenciálnej rovnice

História teórie nelineárnych diferenciálnych rovníc.

Salvato in:
Dettagli Bibliografici
Autore principale: Hricišáková, Daniela
Natura: Capitolo di libro
Lingua:slovacco
Soggetti:
Tags: Aggiungi Tag
Nessun Tag, puoi essere il primo ad aggiungerne!!

MARC

LEADER 00000naa a2200000 4500
001 0182625
005 20230908075849.4
041 0 |a slo 
044 |a CZ 
245 1 0 |a História jednej nelineárnej diferenciálnej rovnice  |c Daniela Hricišáková 
520 |a História teórie nelineárnych diferenciálnych rovníc. 
610 2 0 |a rovnice diferenciálne 
610 2 0 |a história 
610 2 0 |a matematika 
100 1 |a Hricišáková, Daniela